000 00951nam a22002777a 4500
003 DO-SdBNP
005 20250630104810.0
007 ta
008 091110s1998 dr a r 000 f spa d
020 _z8484002357
040 _aDO-SdBNP
_bspa
_cBNPHU
082 4 _aRD863.44
_bD668c,
_21998
100 1 _aDomenech Soto, Elba
_924921
245 1 0 _aConflicto en el paraíso de los dioses :
_bnovela /
_cElba Domenech Soto ; prólogo Eulalio Fernández.
250 _a2a ed.
260 _aSanto Domingo :
_bBúho,
_c1998.
300 _a181 p. :
_bil. ;
_c21 cm.
500 _aIncluye datos biográficos de la autora en la contracubierta
590 _aInventariado, 2022/BT
650 1 4 _aNovela histórica dominicana.
_9860
650 1 0 _aLiteratura dominicana.
_967
651 1 0 _aREPÚBLICA DOMINICANA
_xHISTORIA
_yERA DE TRUJILLO, 1930-1961
_xNOVELA
_921999
700 1 _aFernández, Eulalio,
_epról.
_928920
910 _aBtavárez
942 _2ddc
_cLBS1
999 _c51219
_d51219